Plants and mineral salts / (Record no. 12113)
[ view plain ]
| 000 -LEADER | |
|---|---|
| fixed length control field | 01079cam a2200325 i 4500 |
| 001 - CONTROL NUMBER | |
| control field | 12113 |
| 003 - CONTROL NUMBER IDENTIFIER | |
| rucl marc code | BD-RjUL |
| 005 - DATE AND TIME OF LATEST TRANSACTION | |
| control field | 20211208235234.0 |
| 008 - FIXED-LENGTH DATA ELEMENTS--GENERAL INFORMATION | |
| fixed length control field | 140128s19811974enkaf b 000 0 eng |
| 020 ## - INTERNATIONAL STANDARD BOOK NUMBER | |
| International Standard Book Number | 0713124512. |
| -- | 0713124520 |
| 035 ## - SYSTEM CONTROL NUMBER | |
| System control number | (BD-RjUL)12161 |
| 040 ## - CATALOGING SOURCE | |
| Original cataloging agency | DLC |
| Transcribing agency | DLC |
| Modifying agency | DLC |
| Language of cataloging | eng |
| 041 ## - LANGUAGE CODE | |
| Language code of text/sound track or separate title | eng |
| 082 00 - DEWEY DECIMAL CLASSIFICATION NUMBER | |
| Classification number | 581.13 |
| Author mark and year | SUP 1981 |
| 100 1# - MAIN ENTRY--PERSONAL NAME | |
| Personal name | Sutcliffe, James Frederick. |
| 9 (RLIN) | 37521 |
| 245 10 - TITLE STATEMENT | |
| Title | Plants and mineral salts / |
| Statement of responsibility, etc. | James F. Sutcliffe, Dennis A. Baker. |
| 260 ## - PUBLICATION, DISTRIBUTION, ETC. (IMPRINT) | |
| Place of publication, distribution, etc. | London : |
| Name of publisher, distributor, etc. | E. Arnold, |
| Date of publication, distribution, etc. | 1974, 1976 printing. |
| 300 ## - PHYSICAL DESCRIPTION | |
| Pagination | 60 p., [2] leaves of plates : |
| Illustrations | ill. ; |
| Size | 22 cm. |
| 490 1# - SERIES STATEMENT | |
| Series statement | The Institute of Biology's studies in biology ; no. 48 |
| 504 ## - BIBLIOGRAPHY, ETC. NOTE | |
| Bibliography, etc | Bibliography: p. 59-60. |
| 650 #0 - SUBJECT ADDED ENTRY--TOPICAL TERM | |
| Topical term or geographic name as entry element | Plants |
| General subdivision | Nutrition. |
| 9 (RLIN) | 37432 |
| Topical term or geographic name as entry element | Plants |
| General subdivision | Effect of minerals on. |
| 9 (RLIN) | 37522 |
| Topical term or geographic name as entry element | Plants |
| General subdivision | Effect of salts on. |
| 9 (RLIN) | 37523 |
| 700 1# - ADDED ENTRY--PERSONAL NAME | |
| Personal name | Baker, D. A., |
| Relator term | joint author. |
| 830 #0 - SERIES ADDED ENTRY--UNIFORM TITLE | |
| Volume number/sequential designation | no. 48. |
| 830 #0 - SERIES ADDED ENTRY--UNIFORM TITLE | |
| Uniform title | Institute of Biology's studies in biology ; |
| 942 ## - ADDED ENTRY ELEMENTS (KOHA) | |
| Source of classification or shelving scheme | Dewey Decimal Classification |
| Koha item type | Books |
| Lost status | Source of classification or shelving scheme | Damaged status | Not for loan | Collection code | Permanent Location | Current Location | Shelving location | Date acquired | Source of acquisition | Cost, normal purchase price | Total Checkouts | Full call number | Date last seen | Copy number | Koha item type |
|---|---|---|---|---|---|---|---|---|---|---|---|---|---|---|---|
| Dewey Decimal Classification | Not For Loan | Non-fiction | Central Library, University of Rajshahi | Central Library, University of Rajshahi | Reading Room | 12/05/1983 | Heffers. | 2.50 | 581.13 SUP 1981 | 28/01/2014 | C-1 | Books | |||
| Dewey Decimal Classification | Non-fiction | Central Library, University of Rajshahi | Central Library, University of Rajshahi | 02/05/1985 | Tulip | 4.80 | 581.13 SUP 1981 | 27/11/2016 | C-2 | Books |